004940000a220009700045001000027000002450085000273000047001125000034001595200158001937730045003511 aKalmanovitz G., Manuel10aUn mundo entre terrible y maravilloso : Nueva película de Miyazaki en Colombia aVol.0, núm.10 (Julio, 2006), Página 22 aCrítico de cine y músico. aEl castillo ambulante es la última película de uno de los más grandes del cine japonés: ¿Qué es lo seductor de su universo macabro e infantil?0 tArcadia / Andrés Felipe Solano, Editor